[Event "Superettan(Rockaden,Sthlm II-Orgryte)"]
[Site "?"]
[Date "2015.11.07"]
[Round "2"]
[White "Kumar, Rahul"]
[Black "Bit-Narva, David"]
[Result "1-0"]
[WhiteElo "2156"]
[BlackElo "2036"]
[PlyCount "139"]
[EventDate "2015.??.??"]
1. g3 e5 2. d3 d6 3. Bg2 g6 4. e4 Bg7 5. Nc3 Be6 6. Nf3 Nc6 7. O-O Nf6 8. a3
O-O 9. b4 a6 10. Rb1 b5 11. h3 h6 12. Be3 Re8 13. Qd2 Kh7 14. d4 exd4 15. Nxd4
Nxd4 16. Bxd4 Rc8 17. Qe3 Qe7 18. Rfe1 Nd7 19. Bxg7 Kxg7 20. Qd4+ Qf6 21. Qxf6+
Kxf6 22. Rbd1 Nb6 23. e5+ dxe5 24. Bb7 Rcd8 25. Bxa6 c6 26. Bb7 Rb8 27. Bxc6
Rec8 28. Ne4+ Ke7 29. Bxb5 Rxc2 30. Nc5 Bxh3 31. Rxe5+ Kf6 32. Re2 Rxe2 33.
Bxe2 Ke7 34. g4 h5 35. gxh5 gxh5 36. Bxh5 Nc4 37. Rd3 Rg8+ 38. Kh2 Bf5 39. Rf3
Rg5 40. Bxf7 Kxf7 41. Ne4 Rh5+ 42. Kg2 Ke6 43. Ng3 Bh3+ 44. Kg1 Rh8 45. Rc3 Rh4
46. f3 Ne5 47. Kf2 Rf4 48. Ne2 Rf8 49. f4 Bg4 50. Re3 Kd6 51. Kg3 Bxe2 52.
fxe5+ Kd5 53. Rxe2 Ra8 54. Re3 Kd4 55. Kf3 Rf8+ 56. Ke2 Rh8 57. Rd3+ Kxe5 58.
Kd2 Rc8 59. Rc3 Ra8 60. Kc2 Kd4 61. Kb2 Rb8 62. Kb3 Ra8 63. Rc7 Rb8 64. Rd7+
Ke5 65. a4 Ke6 66. Rd1 Rf8 67. a5 Ra8 68. Ka4 Ke7 69. b5 Rc8 70. a6 1-0

[Event "Superettan(Malmo-Rockaden,Umea)"]
[Site "?"]
[Date "2015.11.07"]
[Round "2"]
[White "Malekian, Babak"]
[Black "Malmstig, Erik"]
[Result "1/2-1/2"]
[WhiteElo "2219"]
[BlackElo "2261"]
[PlyCount "23"]
[EventDate "2015.??.??"]
1. Nf3 Nf6 2. g3 c5 3. Bg2 Nc6 4. c4 g6 5. Nc3 Bg7 6. O-O O-O 7. d4 d6 8. dxc5
dxc5 9. Be3 Qa5 10. Qa4 Qxa4 11. Nxa4 b6 12. Rad1 1/2-1/2

[Event "Superettan(Rockaden,Sthlm II-Orgryte)"]
[Site "?"]
[Date "2015.11.07"]
[Round "2"]
[White "Alarik, Martin"]
[Black "Eksmyr, Johan"]
[Result "0-1"]
[WhiteElo "2021"]
[BlackElo "2156"]
[PlyCount "100"]
[EventDate "2015.??.??"]
1. d4 Nf6 2. Nf3 g6 3. g3 Bg7 4. Bg2 O-O 5. O-O d5 6. c4 c6 7. Nc3 dxc4 8. Ne5
Ng4 9. Nxg4 Bxg4 10. h3 Be6 11. Be3 Nd7 12. Qd2 Re8 13. Bh6 Bh8 14. e4 b5 15.
g4 Nb6 16. Rad1 Rc8 17. f4 f6 18. f5 Bf7 19. fxg6 hxg6 20. Qf2 b4 21. Ne2 Qc7
22. Bf4 e5 23. dxe5 fxe5 24. Be3 c5 25. h4 Na4 26. Ng3 Be6 27. Nf5 Rf8 28. Nh6+
Kh7 29. Qc2 b3 30. axb3 cxb3 31. Qe2 c4 32. h5 gxh5 33. Nf5 c3 34. Bc1 cxb2 35.
Bxb2 Qb6+ 36. Kh1 Rc2 37. Rd2 Bc4 38. Rd7+ Rf7 39. Qxc4 Rxc4 40. Rxf7+ Kg6 41.
Ne7+ Kh6 42. Ng8+ Kg5 43. R1f5+ Kxg4 44. Bf3+ Kg3 45. Rg5+ Kf2 46. Rg2+ Ke3 47.
Re2+ Kd3 48. Rd7+ Rd4 49. Bxd4 exd4 50. Ne7 Qe6 0-1

[Event "Superettan(Malmo-Rockaden,Umea)"]
[Site "?"]
[Date "2015.11.07"]
[Round "2"]
[White "Mardell, Jimmy"]
[Black "Berggren, Jonathan"]
[Result "1/2-1/2"]
[WhiteElo "2163"]
[BlackElo "2160"]
[PlyCount "61"]
[EventDate "2015.??.??"]
1. e4 c5 2. Nc3 a6 3. Nf3 e6 4. d4 cxd4 5. Nxd4 b5 6. Bd3 Qb6 7. Nb3 Qc7 8. O-O
Bb7 9. f4 d6 10. Kh1 Nd7 11. a4 b4 12. Ne2 Ngf6 13. Ng3 h5 14. h4 Ng4 15. f5 d5
16. fxe6 Qxg3 17. exd7+ Kd8 18. Bf4 Nf2+ 19. Rxf2 Qxf2 20. Bg5+ f6 21. Na5 fxg5
22. Nxb7+ Kc7 23. Bc4 Kxb7 24. Qxd5+ Kc7 25. Rd1 Bc5 26. Qe5+ Kd8 27. Qxg5+ Kc7
28. Qe5+ Kd8 29. Qg5+ Kc7 30. Qe5+ Kd8 31. Qg5+ 1/2-1/2

[Event "Superettan(Rockaden,Sthlm II-Orgryte)"]
[Site "?"]
[Date "2015.11.07"]
[Round "2"]
[White "Lauritzson, Peter"]
[Black "Zhanybek, Dadabaev"]
[Result "1-0"]
[WhiteElo "2115"]
[BlackElo "1943"]
[PlyCount "71"]
[EventDate "2015.??.??"]
1. Nf3 c5 2. g3 Nf6 3. Bg2 Nc6 4. d4 cxd4 5. Nxd4 g6 6. O-O Bg7 7. c4 O-O 8.
Nc2 d6 9. Nc3 Be6 10. Nd5 Rc8 11. Bg5 Nd7 12. e4 Nb6 13. Qe2 h6 14. Be3 Na4 15.
b3 Bxa1 16. Rxa1 Nc5 17. Bxh6 Re8 18. Bd2 Nd7 19. Nf4 Nf8 20. Nxe6 Nxe6 21. h4
Ng7 22. Rd1 Ne5 23. f4 Nd7 24. Ne3 e6 25. Bc3 Qe7 26. Kh2 Nh5 27. Bf3 Nxf4 28.
gxf4 Qxh4+ 29. Kg2 Qxf4 30. Ng4 Ne5 31. Rh1 Kg7 32. Bd2 Qxf3+ 33. Qxf3 Nxf3 34.
Bh6+ Kg8 35. Nf6+ Kh8 36. Bf8+ 1-0

[Event "Superettan(Malmo-Rockaden,Umea)"]
[Site "?"]
[Date "2015.11.07"]
[Round "2"]
[White "Nizov, Anton"]
[Black "Johansson, David"]
[Result "0-1"]
[WhiteElo "2118"]
[BlackElo "2140"]
[PlyCount "134"]
[EventDate "2015.??.??"]
1. d4 Nf6 2. c4 c5 3. d5 e6 4. Nc3 exd5 5. cxd5 d6 6. e4 g6 7. h3 Bg7 8. Bd3
O-O 9. Nf3 a6 10. a4 Nh5 11. O-O Nd7 12. Bg5 Bf6 13. Be3 Re8 14. Re1 Ne5 15.
Be2 Nxf3+ 16. Bxf3 Ng7 17. Qc2 Rb8 18. Be2 Bd7 19. a5 Bd4 20. Bxd4 cxd4 21. Nb1
Rc8 22. Qd3 f5 23. Nd2 Qf6 24. Bf3 Bb5 25. Qb3 d3 26. Rac1 Qd4 27. Rc3 Rc5 28.
Rxc5 Qxc5 29. Qc3 Qxc3 30. bxc3 Kf7 31. c4 Ba4 32. Rb1 Re7 33. Rb6 Ne8 34. Kf1
Kf6 35. exf5 gxf5 36. Bh5 Ng7 37. Bf3 Ke5 38. g4 Kd4 39. Rxd6 Kc3 40. gxf5 Nxf5
41. Rf6 Nd4 42. d6 Re5 43. Rf4 Ne6 44. Ne4+ Kc2 45. Rf7 Bc6 46. Re7 Bxe4 47.
Bg4 d2 48. d7 Bc6 49. f4 Re1+ 50. Kf2 d1=Q 51. Bxd1+ Rxd1 52. Rxe6 Rxd7 53. f5
Kc3 54. Ke3 Rf7 55. Kf4 Bd7 56. Re5 Kxc4 57. Kg5 Kd4 58. Kf4 Kc4 59. Kg5 Kb4
60. h4 Rxf5+ 61. Rxf5 Bxf5 62. Kxf5 Kxa5 63. h5 b5 64. h6 b4 65. Kf6 b3 66. Kg7
b2 67. Kxh7 b1=Q+ 0-1

[Event "Superettan(Rockaden,Sthlm II-Orgryte)"]
[Site "?"]
[Date "2015.11.07"]
[Round "2"]
[White "Duenas, Alexis"]
[Black "Blazekovic, Nina"]
[Result "0-1"]
[WhiteElo "1899"]
[BlackElo "1914"]
[PlyCount "158"]
[EventDate "2015.??.??"]
1. d4 g6 2. e4 Bg7 3. Nc3 d6 4. Be3 Nf6 5. f3 O-O 6. Qd2 a6 7. Bh6 b5 8. h4 c5
9. d5 Nbd7 10. h5 b4 11. Nd1 Ne5 12. hxg6 fxg6 13. Bxg7 Kxg7 14. Qh6+ Kg8 15.
Be2 Rf7 16. g4 Bd7 17. Nh3 Qf8 18. Ng5 Qxh6 19. Rxh6 Rff8 20. Ne3 Kg7 21. Rh2
h6 22. Ne6+ Bxe6 23. dxe6 Nh7 24. f4 Rxf4 25. O-O-O Rxe4 26. Nd5 Nxg4 27. Bxg4
Rxg4 28. Nxe7 Re8 29. Nd5 Rxe6 30. Nc7 Re7 31. Nxa6 Ng5 32. Rxd6 Rg1+ 33. Rd1
Rxd1+ 34. Kxd1 Nf3 35. Re2 Rxe2 36. Kxe2 Nd4+ 37. Kd3 Ne6 38. Ke4 Kf6 39. Nb8
h5 40. c3 bxc3 41. bxc3 h4 42. a4 Ke7 43. a5 Kd6 44. a6 Kc7 45. a7 Kb7 46. Nc6
Nc7 47. Ne5 g5 48. Nf3 h3 49. Nh2 Kxa7 50. c4 Ne8 51. Kf5 Nd6+ 52. Kxg5 Nxc4
53. Kg4 Nd2 54. Kxh3 c4 55. Ng4 Kb6 56. Kg2 Kc5 57. Kf2 Kd4 58. Ke2 Ne4 59. Ne3
c3 60. Nc2+ Kc4 61. Ke3 Nc5 62. Ne1 Kb3 63. Kd4 Ne6+ 64. Ke5 Nc7 65. Kd6 Nb5+
66. Kc5 Na3 67. Nd3 c2 68. Kd4 Nb5+ 69. Ke3 Kc3 70. Ke2 Nd4+ 71. Ke3 Nf5+ 72.
Ke2 Ng3+ 73. Ke3 Nf5+ 74. Ke2 Nd4+ 75. Ke3 Nb3 76. Ke2 Kd4 77. Nc1 Kc3 78. Nd3
Nc5 79. Nc1 Kb2 0-1

[Event "Superettan(Vaxjo-Upsala)"]
[Site "?"]
[Date "2015.11.07"]
[Round "2"]
[White "Johansson, Jan"]
[Black "Carstensen, Jacob"]
[Result "1/2-1/2"]
[WhiteElo "2384"]
[BlackElo "2335"]
[PlyCount "168"]
[EventDate "2015.??.??"]
1. d4 Nf6 2. c4 e6 3. Nc3 Bb4 4. Bg5 c5 5. d5 Bxc3+ 6. bxc3 d6 7. e3 h6 8. Bh4
e5 9. Bd3 Qe7 10. Ne2 g5 11. Bg3 Nbd7 12. h4 Rg8 13. hxg5 hxg5 14. e4 Nf8 15.
Qd2 Kd8 16. O-O-O Kc7 17. f3 Bd7 18. Bc2 Ng6 19. Bf2 b6 20. Be3 Nf4 21. g3
Nxe2+ 22. Qxe2 Rg7 23. Rh6 Rag8 24. Rdh1 Rg6 25. R6h2 R6g7 26. Kb2 Qe8 27. Ka1
Ba4 28. Bd3 Qe7 29. Qd2 Rg6 30. Qc1 Kb7 31. Rh6 Rxh6 32. Rxh6 Ne8 33. Qh1 Bd7
34. Rh7 Rg7 35. Rxg7 Nxg7 36. Qh6 f6 37. f4 gxf4 38. gxf4 exf4 39. Bxf4 Ne8 40.
Kb2 Kc7 41. Bg3 Qg7 42. Qf4 Qg4 43. Qxg4 Bxg4 44. Kc1 Kd7 45. Kd2 Ke7 46. Bc2
Nc7 47. Bd3 Na6 48. Bc2 Nb8 49. Ba4 Bh3 50. Ke1 Bg2 51. Bc2 Nd7 52. Kf2 Bh3 53.
Bd3 Nf8 54. Be2 Ng6 55. Bh2 Bd7 56. Bh5 Ne5 57. Be2 Ba4 58. Bg3 Bc2 59. Ke3 Bb1
60. a3 Ba2 61. Bf1 Bb3 62. Be2 a5 63. Bf1 Kf7 64. Be2 Ke7 65. Bf1 a4 66. Be2
Ba2 67. Bf1 Bxc4 68. Bxe5 Bxf1 69. Bg3 Bg2 70. Kf4 b5 71. Be1 Kf7 72. Bf2 Bh3
73. Be1 Bf1 74. Bf2 Kg6 75. Be1 Bh3 76. Bd2 Kf7 77. Be1 Ke7 78. Bf2 Kd7 79. Kg3
Bf1 80. Kf4 Ke7 81. Be3 Bh3 82. Kg3 Bc8 83. Kf4 Kf7 84. Bf2 Bd7 1/2-1/2

[Event "Superettan(Schack 08-Solna)"]
[Site "?"]
[Date "2015.11.07"]
[Round "2"]
[White "Johansson, Gunnar"]
[Black "Laveryd, Peter"]
[Result "1/2-1/2"]
[WhiteElo "2228"]
[BlackElo "2391"]
[PlyCount "65"]
[EventDate "2015.??.??"]
1. d4 Nc6 2. Nf3 d5 3. c4 Bg4 4. Nc3 e6 5. cxd5 exd5 6. Bf4 Bd6 7. Bg3 Nge7 8.
e3 O-O 9. Be2 a6 10. a3 Nc8 11. Bxd6 Qxd6 12. O-O Nb6 13. Rc1 Rfe8 14. Na4 Nxa4
15. Qxa4 Na7 16. Qb3 Rab8 17. Rfe1 Bxf3 18. Bxf3 c6 19. g3 Qd7 20. Be2 Nb5 21.
Bxb5 axb5 22. a4 bxa4 23. Qxa4 Ra8 24. Qb4 Ra2 25. Ra1 Rea8 26. Rxa2 Rxa2 27.
Qb3 Ra8 28. Rc1 g6 29. Qc3 Qf5 30. Qb3 Qd7 31. Qc3 Qf5 32. Qb3 Qd7 33. Qc3
1/2-1/2

[Event "Superettan(Vasteras II-Kamraterna)"]
[Site "?"]
[Date "2015.11.07"]
[Round "2"]
[White "Aberg, Anton"]
[Black "Janse, Love"]
[Result "1/2-1/2"]
[WhiteElo "2393"]
[BlackElo "2145"]
[PlyCount "110"]
[EventDate "2015.??.??"]
1. d4 f5 2. g3 Nf6 3. Bg2 d6 4. c4 g6 5. Nf3 Bg7 6. O-O O-O 7. Nc3 Qe8 8. d5
Na6 9. Rb1 Bd7 10. b3 c6 11. Bb2 Nc7 12. Re1 h6 13. Qd2 g5 14. h4 Qh5 15. hxg5
Ng4 16. gxh6 Bxh6 17. e3 Rf7 18. Ne2 cxd5 19. Nf4 Bxf4 20. exf4 dxc4 21. bxc4
Bc6 22. Nh4 Rh7 23. Bxc6 bxc6 24. Qa5 e5 25. Rbd1 Rd8 26. c5 d5 27. Bxe5 Nxe5
28. fxe5 f4 29. Rd3 Ne6 30. Kg2 fxg3 31. fxg3 Rf8 32. Qd2 Ng5 33. e6 Ne4 34.
Rxe4 dxe4 35. Rd8 Qxc5 36. Rxf8+ Qxf8 37. Qe3 Qf6 38. Qxe4 Qb2+ 39. Kh3 Rg7 40.
Qd3 Qf6 41. Qc4 Kh8 42. Qxc6 Re7 43. Qc8+ Kg7 44. g4 Qf1+ 45. Kg3 Qe1+ 46. Kh3
Qe3+ 47. Kg2 Qd2+ 48. Kf3 Qd5+ 49. Kf4 Qd2+ 50. Kf3 Qd1+ 51. Kf4 Qd6+ 52. Kf3
Qa3+ 53. Kf4 Qd6+ 54. Kf3 Qd5+ 55. Kf4 Qd6+ 1/2-1/2

[Event "Superettan(Vaxjo-Upsala)"]
[Site "?"]
[Date "2015.11.07"]
[Round "2"]
[White "Aabling-Thomsen, Jakob"]
[Black "Burwick, Malte"]
[Result "0-1"]
[WhiteElo "2350"]
[BlackElo "2228"]
[PlyCount "70"]
[EventDate "2015.??.??"]
1. e4 g6 2. d4 Bg7 3. Nc3 d6 4. Be3 a6 5. Qd2 b5 6. a4 b4 7. Nce2 a5 8. h4 Nf6
9. f3 h5 10. Nh3 Bxh3 11. Rxh3 c6 12. Nf4 Nbd7 13. Rh1 Qc7 14. Nh3 e5 15. O-O-O
d5 16. Ng5 O-O 17. dxe5 Nxe5 18. f4 Neg4 19. e5 Nxe3 20. Qxe3 Ng4 21. Qc5 Nxe5
22. Rxd5 Ng4 23. g3 Ne3 24. Rd3 Nxf1 25. Rxf1 Rad8 26. Rfd1 Rxd3 27. Rxd3 Re8
28. c3 bxc3 29. bxc3 Qb7 30. Qxa5 Bf8 31. c4 Bb4 32. Rb3 c5 33. Rxb4 Qh1+ 34.
Kd2 Qe1+ 35. Kd3 Qe2+ 0-1

[Event "Superettan(Schack 08-Solna)"]
[Site "?"]
[Date "2015.11.07"]
[Round "2"]
[White "Renman, Nils-Gustaf"]
[Black "Steneskog, Per"]
[Result "1-0"]
[WhiteElo "2332"]
[BlackElo "2198"]
[PlyCount "87"]
[EventDate "2015.??.??"]
1. d4 d5 2. Nf3 Nf6 3. c4 e6 4. Nc3 Be7 5. Bg5 h6 6. Bh4 O-O 7. e3 Ne4 8. Bxe7
Qxe7 9. Qc2 Nxc3 10. Qxc3 dxc4 11. Bxc4 b6 12. O-O Bb7 13. Be2 c5 14. dxc5 Rc8
15. b4 a5 16. a3 bxc5 17. b5 Nd7 18. Nd2 Nb6 19. e4 Rd8 20. f3 a4 21. Nc4 Nxc4
22. Bxc4 Rd4 23. Rfc1 h5 24. Qe3 h4 25. h3 Rad8 26. Be2 Rc8 27. Ra2 e5 28. Rac2
Qe6 29. Rxc5 Rxc5 30. Rxc5 Qd6 31. Rc3 Qb6 32. Kf1 Qd6 33. Rc1 Qf6 34. Rc7 Bxe4
35. Bc4 Bg6 36. Rc6 Qf5 37. Be2 Qb1+ 38. Kf2 f6 39. Qc1 Qf5 40. b6 Rd7 41. Qc4+
Bf7 42. Rc8+ Kh7 43. Qxh4+ Kg6 44. g4 1-0

[Event "Superettan(Vasteras II-Kamraterna)"]
[Site "?"]
[Date "2015.11.07"]
[Round "2"]
[White "Kimari, Patrick"]
[Black "Andreasson, Ingvar"]
[Result "1/2-1/2"]
[WhiteElo "2093"]
[BlackElo "2353"]
[PlyCount "136"]
[EventDate "2015.??.??"]
1. e4 c5 2. Nf3 e6 3. d4 cxd4 4. Nxd4 a6 5. Nc3 b5 6. Bd3 Ne7 7. O-O Nec6 8.
Nce2 Be7 9. c3 O-O 10. f4 d6 11. Be3 Bb7 12. Qd2 Nd7 13. Nxc6 Bxc6 14. Nd4 Bb7
15. Bf2 Nc5 16. Rfe1 g6 17. Bc2 e5 18. Nf3 exf4 19. Qxf4 Re8 20. Rad1 Ne6 21.
Qe3 Qc7 22. Qb6 Qxb6 23. Bxb6 Bf8 24. Bb3 Nc5 25. Bxc5 dxc5 26. Rd7 Re7 27.
Rxb7 Rxb7 28. Bd5 Raa7 29. Bxb7 Rxb7 30. Rd1 c4 31. Kf1 Kg7 32. e5 Bc5 33. Rd5
Be3 34. Ke2 Bc1 35. b4 h5 36. Rd6 Ra7 37. Nd4 Bf4 38. Nc6 Rc7 39. g3 Bxe5 40.
Nxe5 Re7 41. Rxa6 Rxe5+ 42. Kd2 Rd5+ 43. Kc2 h4 44. gxh4 Rh5 45. a4 bxa4 46.
Rxa4 Rxh4 47. b5 Rxh2+ 48. Kd1 Kf6 49. b6 Rh8 50. Rxc4 Ke5 51. Rc7 Rb8 52. b7
Kd6 53. Rxf7 Kc6 54. Rf6+ Kc5 55. Rxg6 Rxb7 56. Kc2 Rh7 57. Rg5+ Kc4 58. Rg4+
Kc5 59. Rg8 Rc7 60. Rd8 Rc6 61. Kd3 Rc7 62. c4 Kc6 63. Kd4 Rh7 64. Rc8+ Kb7 65.
Re8 Rh5 66. c5 Kc6 67. Re6+ Kc7 68. Kc4 Rh1 1/2-1/2

[Event "Superettan(Malmo-Vasteras II)"]
[Site "?"]
[Date "2015.11.06"]
[Round "1"]
[White "Janse, Love"]
[Black "Gajic, Mladen"]
[Result "0-1"]
[WhiteElo "2145"]
[BlackElo "2253"]
[PlyCount "72"]
[EventDate "2015.??.??"]
1. e4 Nc6 2. Nc3 e6 3. Nf3 d5 4. Bb5 a6 5. Bxc6+ bxc6 6. d3 Nf6 7. O-O Be7 8.
Qe2 O-O 9. Ne5 Bb7 10. Rd1 c5 11. Kh1 Qe8 12. Bg5 h6 13. Bh4 Nxe4 14. Nxe4 dxe4
15. Bxe7 exd3 16. Rxd3 Qxe7 17. Rd7 Qg5 18. f3 Rad8 19. Rad1 Rxd7 20. Rxd7 Qc1+
21. Qd1 Qxb2 22. Rxc7 Qxe5 23. Rxb7 Qd4 24. Qxd4 cxd4 25. Kg1 Rc8 26. Rb2 Rc3
27. Kf2 e5 28. Ke2 f6 29. Kd2 Ra3 30. Kc1 Kh7 31. Kd2 Kg6 32. Kc1 h5 33. h3 h4
34. Kd2 Kf5 35. Rb7 g5 36. Rb2 Kf4 0-1

[Event "Superettan(Schack 08-Orgryte)"]
[Site "?"]
[Date "2015.11.06"]
[Round "1"]
[White "Arnelind, Mikael"]
[Black "Laveryd, Peter"]
[Result "1/2-1/2"]
[WhiteElo "2190"]
[BlackElo "2391"]
[PlyCount "116"]
[EventDate "2015.??.??"]
1. d4 Nc6 2. c4 e5 3. d5 Nce7 4. e4 Ng6 5. Nc3 Nf6 6. Be3 Bb4 7. f3 Qe7 8. Qd2
d6 9. g3 O-O 10. Nge2 Ne8 11. Bg2 f5 12. a3 Bc5 13. Bxc5 dxc5 14. exf5 Bxf5 15.
Ne4 Bxe4 16. fxe4 Nd6 17. Qd3 Qg5 18. Rf1 a6 19. Rc1 Qh5 20. h3 Nh8 21. Qe3 b6
22. b3 Nhf7 23. Kd2 Rfb8 24. Rc2 Qg6 25. h4 Nh6 26. Bf3 Ng4 27. Bxg4 Nxe4+ 28.
Kc1 Qxg4 29. Nc3 Nxg3 30. Rg1 Nf5 31. Qg5 Qxg5+ 32. Rxg5 Nxh4 33. Rxe5 Re8 34.
Rh5 Nf3 35. Rg2 Re3 36. Kb2 Rae8 37. Rh1 g6 38. Rf2 Ne5 39. Kc2 Kg7 40. d6 cxd6
41. Nd5 Rf3 42. Rxf3 Nxf3 43. Rxh7+ Kxh7 44. Nf6+ Kg7 45. Nxe8+ Kf7 46. Nxd6+
Ke6 47. Nc8 b5 48. cxb5 axb5 49. a4 Kd7 50. Nb6+ Kc6 51. Nc8 Nd4+ 52. Kd3 bxa4
53. bxa4 Nf5 54. Na7+ Kd5 55. Nb5 c4+ 56. Kc3 Kc5 57. Nc7 Nd6 58. Ne6+ Kd5
1/2-1/2

[Event "Superettan(Malmo-Vasteras II)"]
[Site "?"]
[Date "2015.11.06"]
[Round "1"]
[White "Malekian, Babak"]
[Black "Kimari, Patrick"]
[Result "1-0"]
[WhiteElo "2219"]
[BlackElo "2093"]
[PlyCount "79"]
[EventDate "2015.??.??"]
1. Nf3 Nf6 2. g3 g6 3. Bg2 Bg7 4. c4 c5 5. Nc3 Nc6 6. O-O O-O 7. d4 d5 8. dxc5
d4 9. Nb5 e5 10. a3 Bg4 11. h3 Be6 12. Nd6 Ne8 13. Ng5 Nxd6 14. Nxe6 fxe6 15.
cxd6 Qxd6 16. Be4 Rf7 17. b4 a5 18. c5 Qc7 19. Bd2 d3 20. exd3 axb4 21. axb4
Rxa1 22. Qxa1 Nd4 23. Qa8+ Bf8 24. Bh6 Nc6 25. Rb1 Nd8 26. Be3 Nc6 27. Kg2 Kg7
28. b5 Nd4 29. c6 b6 30. Bxd4 exd4 31. Ra1 Bb4 32. Qb7 Qxb7 33. cxb7 Rf8 34.
Ra8 Bd6 35. Rc8 Kf7 36. Rc6 Bc5 37. Rc7+ Kg8 38. h4 e5 39. h5 gxh5 40. Rxh7 1-0

[Event "Superettan(Schack 08-Orgryte)"]
[Site "?"]
[Date "2015.11.06"]
[Round "1"]
[White "Drugge, Patrick"]
[Black "Virolainen, Victor"]
[Result "1-0"]
[WhiteElo "2173"]
[BlackElo "2175"]
[PlyCount "77"]
[EventDate "2015.??.??"]
1. e4 c5 2. Nc3 Nc6 3. g3 g6 4. Bg2 Bg7 5. d3 e6 6. f4 d6 7. Nf3 Nge7 8. O-O a6
9. Be3 Nd4 10. e5 Nef5 11. Bf2 Nxf3+ 12. Qxf3 dxe5 13. fxe5 Nd4 14. Qd1 O-O 15.
Ne4 Bxe5 16. c3 Nf5 17. Bxc5 Re8 18. Qf3 Qc7 19. d4 Bg7 20. g4 Nh6 21. Nd6 Rd8
22. Nxc8 Raxc8 23. Qxb7 Qxb7 24. Bxb7 Rb8 25. Bxa6 Rxb2 26. h3 e5 27. Rf2 Rxf2
28. Kxf2 exd4 29. cxd4 Bxd4+ 30. Bxd4 Rxd4 31. a4 f5 32. a5 Nf7 33. Bb7 Nd6 34.
a6 Nb5 35. gxf5 Rd2+ 36. Ke3 Rh2 37. Rb1 Nc7 38. a7 Ra2 39. a8=Q+ 1-0

[Event "Superettan(Schack 08-Orgryte)"]
[Site "?"]
[Date "2015.11.06"]
[Round "1"]
[White "Kumar, Rahul"]
[Black "Faldt, Magnus"]
[Result "1/2-1/2"]
[WhiteElo "2156"]
[BlackElo "2197"]
[PlyCount "105"]
[EventDate "2015.??.??"]
1. g3 d5 2. Bg2 Nf6 3. Nf3 c6 4. O-O Bf5 5. d3 e6 6. Nbd2 Be7 7. Re1 h6 8. e4
Bh7 9. Qe2 O-O 10. h4 a5 11. e5 Nfd7 12. Nf1 b5 13. N1h2 c5 14. Ng4 Nc6 15. Bf4
c4 16. d4 Qb6 17. Qd2 b4 18. b3 cxb3 19. axb3 Rfc8 20. Bxh6 gxh6 21. Nxh6+ Kg7
22. Qf4 Bg6 23. g4 Rh8 24. g5 Rxh6 25. gxh6+ Kh8 26. Bh3 Rg8 27. Kh2 Nxd4 28.
Qxd4 Bc5 29. Qd2 Bxf2 30. Re2 Bc5 31. Rg2 Be3 32. Qe2 Bxh6 33. Re1 Rc8 34. Qf2
Bf4+ 35. Kg1 Qxf2+ 36. Kxf2 Rxc2+ 37. Re2 Rc3 38. Rxg6 fxg6 39. Bxe6 Nb6 40.
Bf7 Kg7 41. e6 Nc8 42. e7 Nxe7 43. Rxe7 Kf6 44. Rb7 Rxb3 45. Bxd5 Rb2+ 46. Kf1
Kf5 47. Ne1 Rd2 48. Bc6 Kg4 49. Ng2 Bg3 50. Rf7 Bxh4 51. Rf4+ Kg3 52. Rf3+ Kg4
53. Rf4+ 1/2-1/2

[Event "Superettan(Malmo-Vasteras II)"]
[Site "?"]
[Date "2015.11.06"]
[Round "1"]
[White "Nilsson, Anders"]
[Black "Lundback, Anders"]
[Result "1-0"]
[WhiteElo "2225"]
[BlackElo "1971"]
[PlyCount "51"]
[EventDate "2015.??.??"]
1. d4 d5 2. c4 c6 3. Nc3 Nf6 4. cxd5 cxd5 5. Bg5 e6 6. e3 Be7 7. Bd3 O-O 8. f4
b6 9. Nf3 Ba6 10. Bxa6 Nxa6 11. Ne5 Qe8 12. Qe2 Nb4 13. a3 Nc6 14. Nb5 Rc8 15.
Bxf6 gxf6 16. Nxc6 Rxc6 17. Nxa7 Rc4 18. b3 Rc3 19. O-O Rxb3 20. a4 Qd7 21. Nb5
Rc8 22. Rf3 Kh8 23. Rh3 Rg8 24. Qc2 Rg7 25. Qxb3 e5 26. Rg3 1-0

[Event "Superettan(Schack 08-Orgryte)"]
[Site "?"]
[Date "2015.11.06"]
[Round "1"]
[White "Sternlund, Hakan"]
[Black "Eksmyr, Johan"]
[Result "1/2-1/2"]
[WhiteElo "2120"]
[BlackElo "2156"]
[PlyCount "118"]
[EventDate "2015.??.??"]
1. c4 e5 2. Nc3 Bb4 3. g3 Bxc3 4. dxc3 d6 5. Bg2 Ne7 6. e4 Be6 7. Qe2 Qd7 8. b3
a5 9. f4 f6 10. f5 Bf7 11. a4 Na6 12. Be3 b6 13. Qc2 Qc6 14. Nf3 Nc5 15. O-O
Nxb3 16. Qxb3 Qxe4 17. Rfe1 Bxc4 18. Qb2 Bd5 19. Nh4 Qc4 20. Qb5+ Qxb5 21. axb5
Bxg2 22. Kxg2 Kd7 23. c4 g5 24. fxg6 hxg6 25. Nf3 Rag8 26. Rad1 g5 27. g4 Ng6
28. h3 Kc8 29. Rh1 Rh7 30. Nd2 Nh4+ 31. Kf2 f5 32. gxf5 Nxf5 33. Ne4 Rh4 34.
Nf6 Nxe3 35. Kxe3 Rgh8 36. Ng4 Rxh3+ 37. Rxh3 Rxh3+ 38. Ke4 Rg3 39. Ne3 Rh3 40.
Rf1 Rh4+ 41. Kd3 Rh7 42. Rf8+ Kd7 43. Rg8 c6 44. Ra8 Ke6 45. bxc6 Rc7 46. Rg8
Rxc6 47. Rxg5 Rc5 48. Rg6+ Kd7 49. Rg7+ Kc8 50. Nd5 b5 51. Nb6+ Kd8 52. Rd7+
Ke8 53. Rxd6 Ke7 54. Rh6 bxc4+ 55. Nxc4 Kf7 56. Ra6 Rd5+ 57. Ke3 Rc5 58. Nxa5
Ke7 59. Nc6+ Ke6 1/2-1/2

[Event "Superettan(Malmo-Vasteras II)"]
[Site "?"]
[Date "2015.11.06"]
[Round "1"]
[White "Emmoth, Alfons"]
[Black "Malmqvist, Glenn"]
[Result "0-1"]
[WhiteElo "1832"]
[BlackElo "2058"]
[PlyCount "76"]
[EventDate "2015.??.??"]
1. d4 Nf6 2. c4 g6 3. Nc3 Bg7 4. e4 d6 5. Nf3 O-O 6. Be2 e5 7. O-O Nc6 8. d5
Ne7 9. Ne1 Ne8 10. Nd3 f5 11. Bd2 Kh8 12. Rc1 Ng8 13. f3 Bh6 14. c5 Bxd2 15.
Qxd2 f4 16. a4 g5 17. cxd6 cxd6 18. Nb5 h5 19. Qc3 Qf6 20. h3 Nh6 21. Nf2 Bd7
22. Qb4 g4 23. fxg4 hxg4 24. Nxg4 Nxg4 25. Bxg4 Bxg4 26. hxg4 Rg8 27. Rf3 Rxg4
28. Rc2 Rg3 29. Rcf2 Qh6 30. Qc3 a6 31. Na3 Nf6 32. Qd3 Rag8 33. Nc4 Ng4 34.
Rxg3 Qh2+ 35. Kf1 fxg3 36. Rf5 Qh1+ 37. Ke2 Qxg2+ 38. Ke1 Qh1+ 0-1

[Event "Superettan(Schack 08-Orgryte)"]
[Site "?"]
[Date "2015.11.06"]
[Round "1"]
[White "Lauritzson, Peter"]
[Black "Arvidsson, Tomas"]
[Result "0-1"]
[WhiteElo "2115"]
[BlackElo "1970"]
[PlyCount "74"]
[EventDate "2015.??.??"]
1. Nf3 Nf6 2. g3 g6 3. Bg2 Bg7 4. O-O O-O 5. c4 d6 6. d4 Nc6 7. Nc3 Bg4 8. h3
Bxf3 9. Bxf3 Nd7 10. e3 e5 11. d5 Ne7 12. e4 f5 13. b4 a5 14. Rb1 b6 15. a3 Kh8
16. Na4 fxe4 17. Bxe4 Nf5 18. c5 Nd4 19. Be3 bxc5 20. bxc5 Nxc5 21. Nxc5 dxc5
22. Kg2 a4 23. Qd3 Qd6 24. Rfc1 Ra5 25. Rb7 Nb3 26. Rc4 Rc8 27. Qc3 Qa6 28.
Rxb3 axb3 29. Bxc5 b2 30. Bb4 Rxd5 31. Rxc7 Rcd8 32. Qxb2 Rd1 33. Rxg7 Qf1+ 34.
Kf3 R1d4 35. Qc2 Kxg7 36. Bc5 Rc4 37. Qb3 Qh1+ 0-1

[Event "Superettan(Malmo-Vasteras II)"]
[Site "?"]
[Date "2015.11.06"]
[Round "1"]
[White "Berggren, Jonatan"]
[Black "Grueso Cordoba, Santiago"]
[Result "1-0"]
[WhiteElo "2160"]
[BlackElo "1772"]
[PlyCount "111"]
[EventDate "2015.??.??"]
1. e4 c5 2. Nc3 Nc6 3. g3 g6 4. Bg2 Bg7 5. d3 d6 6. Be3 e6 7. Qd2 h6 8. Nh3
Nge7 9. O-O e5 10. f4 Be6 11. Nd5 Nd4 12. c3 Bxd5 13. exd5 Ndf5 14. Bf2 h5 15.
Rae1 O-O 16. Ng5 exf4 17. gxf4 Bh6 18. Qe2 Bxg5 19. fxg5 Qd7 20. Qf3 Rae8 21.
b3 Qb5 22. Re2 a5 23. Be1 b6 24. Bh3 Qd7 25. c4 Qb7 26. Bc3 b5 27. Rfe1 b4 28.
Bf6 Nd4 29. Bxd4 cxd4 30. Qf6 Nxd5 31. cxd5 Rxe2 32. Rxe2 Qxd5 33. Rc2 Qb5 34.
Rc4 Re8 35. Rc7 Qd5 36. Bg2 Re1+ 37. Kf2 Re2+ 38. Kxe2 Qxg2+ 39. Qf2 Qd5 40.
Qf3 Qe5+ 41. Kd1 Qe6 42. h3 a4 43. Qa8+ Kg7 44. Rc8 Qe5 45. Rh8 Qxg5 46. Qf8+
Kf6 47. Qxd6+ Kf5 48. Qd5+ Kf4 49. Qxd4+ Kf3 50. Re8 Qf5 51. Re3+ Kg2 52. Re2+
Kxh3 53. Qe3+ Kh4 54. Rh2+ Kg4 55. Rg2+ Kh4 56. Qg3# 1-0

[Event "Superettan(Schack 08-Orgryte)"]
[Site "?"]
[Date "2015.11.06"]
[Round "1"]
[White "Forsback, Lenny"]
[Black "Blazekovic, Nina"]
[Result "1-0"]
[WhiteElo "2084"]
[BlackElo "1914"]
[PlyCount "93"]
[EventDate "2015.??.??"]
1. d4 Nf6 2. c4 g6 3. Nc3 Bg7 4. e4 d6 5. Nf3 O-O 6. Be2 e5 7. O-O Nc6 8. d5
Ne7 9. Ne1 Nd7 10. f3 f5 11. g4 f4 12. Nd3 g5 13. Bd2 h5 14. h3 Ng6 15. Be1 Kf7
16. Bf2 Rh8 17. Kg2 Nh4+ 18. Bxh4 gxh4 19. Rh1 b6 20. Rc1 Nf8 21. b4 Ng6 22.
Qe1 Ba6 23. Nb2 Qg5 24. c5 Bxe2 25. Nxe2 hxg4 26. hxg4 h3+ 27. Kh2 Nh4 28. Qf2
bxc5 29. bxc5 Rab8 30. Nd3 Bf8 31. c6 Be7 32. Rb1 Rb6 33. Rxb6 axb6 34. Nc3 Ng2
35. Nb5 Bd8 36. Rc1 Qh6 37. Nb4 Bh4 38. Qe2 Bg3+ 39. Kh1 Rc8 40. Na6 Qh4 41.
Naxc7 Bf2 42. Nxd6+ Kg8 43. Nf5 Qf6 44. Qxf2 Rxc7 45. Qxb6 Rc8 46. Qb7 Rf8 47.
c7 1-0